| 000 | 00567nam a2200169 i 4500 | ||
|---|---|---|---|
| 001 | 140522 | ||
| 003 | ES-MaACL | ||
| 005 | 20230906200110.0 | ||
| 007 | t| | ||
| 008 | 070214s1926 sp a |||| | spa d | ||
| 100 | 1 |
_aSeïfullina, Lidiia Nikolaevna. _9105258 |
|
| 245 | 1 | 0 |
_aCaminantes _b: novela / _cLydia Seifoullina ; traducción del ruso por Tatiana Enco de Valero ; ornamentación de Tejada. |
| 260 |
_aMadrid : _b[s. n.], _c1926 ( _fImp. Caro Raggio) |
||
| 300 |
_a204 p. ; _c18 cm. |
||
| 700 | 1 |
_aEnco de Valero, Tatiana. _947193 |
|
| 852 |
_aES-MaACL _jA-4684 |
||
| 999 |
_c140522 _d140522 |
||